|
|
|
|
| LEADER |
01236nab#a2200409#ar4500 |
| 001 |
000119621 |
| 003 |
SVKKK |
| 005 |
20170510132056.0 |
| 008 |
161024c2012 xo |||||||||||||||b|eng |
| FMT |
|
|
|
| 015 |
|
|
|a SNBRB2017/05
|
| 038 |
|
|
|a SVKKK
|
| 040 |
|
|
|a SVKKK
|b slo
|e AACR2
|
| 041 |
0 |
|
|b eng
|
| 044 |
|
|
|a xo
|c SK
|
| 080 |
|
|
|a 547.973
|x (048.3)
|2 2011
|
| 080 |
|
|
|a 005.745
|x (048.3)
|2 2011
|
| 090 |
|
|
|a III.224983
|
| 100 |
1 |
|
|a Šandor, J.
|4 aut
|
| 242 |
1 |
0 |
|a Výskyt a funkcie antokyanínov v plodoch
|y slo
|
| 245 |
1 |
0 |
|a Prevalence and Functions of Anthocyanins in Fruits
|c J. Šandor, I. Šalamon
|
| 546 |
|
|
|a Res. angl.
|
| 611 |
2 |
4 |
|a New Trends in the Biological and Ecological Research
|g vedecká konferencia
|d (8.-10.11.2012
|c Grand Hotel Kempinski, Vysoké Tatry, Slovensko)
|
| 650 |
0 |
4 |
|a antokyanín
|
| 650 |
0 |
4 |
|a koncentrácia
|
| 650 |
0 |
4 |
|a farba plodov
|
| 650 |
0 |
4 |
|a environmentálne faktory
|
| 650 |
0 |
4 |
|a konferencie
|
| 650 |
0 |
4 |
|a abstrakty
|
| 700 |
1 |
|
|a Šalamon, I.
|4 aut
|
| 773 |
0 |
|
|t New trends in biological and ecological research : Book of Abstracts
|d Prešov : Grafotlač, 2012
|g S. 81
|z 9788089561094
|
| 974 |
|
|
|a CER
|
| 992 |
|
|
|a RZB
|
| BAS |
|
|
|
| 852 |
|
|
|a SVKKK
|b BIB
|
| EXP |
|
|
|
| 998 |
|
|
|a REG
|